01339nmc a2200313 a 4500003000900000005001700009008004100026040001300067100001900080245010900099250001200208260003200220300004100252490005200293500002200345500026800367500006100635504005600696650002000752650002400772650002600796650002100822650002700843650002400870650002800894650002800922700004000950700003500990AR-BaBNM20251128203850.0227019s1967 ||||||||||||||000 | spa|| cAR-BaBNM1 aGordon, Ira J.10aEl maestro y su función orientadorabconceptos sobre el desarrollo humano y su aplicación en el aula a1ª ed. aMéxico, D.F.bUTEHAc19671 axii, 282 p.bdiagr., tablas, láms. 0aBiblioteca clásicos y modernos de educación0 aContiene índice1 aEsta publicación ha sido preparada conjuntamente por la editorial y el Centro Regional de Ayuda Técnica, Agencia para el Desarrollo Internacional AID, Departamento de Estado del Gobierno de los Estados Unidos de América. El Centro es una organización dedi0 aUTEHA: Unión Tipográfica Editorial Hispano Americana aContiene bibliografía al final de cada capítulo 4aROL DEL DOCENTE 4aORIENTACION ESCOLAR 4aFORMACION DE DOCENTES 4aPRACTICA DOCENTE 4aCONSEJEROS PEDAGOGICOS 4aDESARROLLO DEL NINO 4aEXPERIENCIA DEL DOCENTE 4aDESARROLLO DE DESTREZAS1 aMoreno Cañadas, Carlosetraductor1 aFowlkes, John Fuyeprologuista